Giáo dục học hiện đại (những nội dung cơ bản)

Đã lưu trong:
Chi tiết về thư mục
Tác giả chính: Thái Duy Tuyên.
Định dạng: Sách
Ngôn ngữ:Vietnamese
Được phát hành: Đại học Quốc gia Hà Nội 2001
Các nhãn: Thêm thẻ
Không có thẻ, Là người đầu tiên thẻ bản ghi này!
Thư viện lưu trữ: Mạng thư viện Đại học Đà Nẵng
LEADER 00669nam a2200253 4500
001 000021395
003 17843
005 20150420100406.0
008 150420s2001 viesd
020 |c 30000 
041 0 |a vie 
082 1 4 |a 370  |b TH-T 
100 1 |a Thái Duy Tuyên. 
245 1 0 |a Giáo dục học hiện đại (những nội dung cơ bản)  |c Thái Duy Tuyên. 
260 |b Đại học Quốc gia Hà Nội  |c 2001 
300 |a tr.  |c cm. 
OWN |a LSP 
999 |a From the UDN01 
TYP |a Monograph 
TYP |a Printed language 
980 |a Mạng thư viện Đại học Đà Nẵng